000 00533nam a22002297a 4500
003 UA-OsUOA
001 18574
007 ta
008 20040210b un ||||| |||| 00| 0 ukr d
100 _aСтолярчук Б.
090 _bС-816
942 _cBK
040 _aUA-OsUOA
_bukr
_cUA-OsUOA
_dUA-OsUOA
245 _aОдну тебе кохаю
_bПоезії
300 _a55 с.
955 _a0
041 _aukr
591 _a84(4Укр)6
260 _aКостопіль
_c2003
044 _aUA
650 7 _aВірші
_2UDC
999 _c304745
_d304745